000 00290nam a22001097a 4500
008 160523b xxu||||| |||| 00| 0 eng d
020 _a0072416467
041 _aeng
080 _a316.77
245 _aMass media mass culture an introduction:
_cJames R. Wilson; S. Roy Wilson;
942 _2udc
_cBK
999 _c2371
_d2371